000
00272nam a2200109Ia 4500
008
220204s9999 xx 000 0 und d
082
_a
621.38
_b
MAL
100
_a
Malvino, A P
245
0
_a
Electronic principles
260
_a
New delhi
_b
Tata McGraw Hill
_c
1976
942
_c
BK
999
_c
24778
_d
24778